Представление документа в формате MARC21

Поле Инд. ПП Название Значение
Тип записи a
Библиографический уровень b
001 Контрольный номер RU/IS/BASE/307553072
005 Дата корректировки 20200529173539.4
008 Кодируемые данные 20090929
040 b Код языка каталог. rus
e Правила каталог. PSBO
041 0_ a Код языка текста rus
084 a Индекс другой классификации/Индекс ББК 81.432.1-3
100 1_ a Автор Потапова Н. М.
245 10 a Заглавие Особенности семантики эвфемизмов
b Продолж. заглавия (на материале английского языка делового общения)
504 a Библиография Библиогр.: с. 133
650 14 a Основная рубрика английский язык
a Основная рубрика лексикология
a Основная рубрика филологические науки
a Основная рубрика частное языкознание
a Основная рубрика языкознание
653 1_ a Ключевые слова деловая лексика
a Ключевые слова деловое общение
a Ключевые слова деловой английский язык
a Ключевые слова должности
a Ключевые слова лексическая семантика
a Ключевые слова лингвостилистический анализ
a Ключевые слова профессии
a Ключевые слова семантика
a Ключевые слова эвфемизмы
773 08 t Заглавие источника Вестник Московского университета. Серия 9, Филология
d Дата издания источника 2009
g Прочая информация № 1. - С. 126 - 133
w Контрольный № источника RU/IS/BASE/299591630
901 t Тип документа b